Представление документа в формате RUSMARC

ПолеНазваниеЗначение
  Тип записи a
  Библиографический уровень m
001 Контрольный номер 749116464764486899fede950ba551a3
005 Дата корректировки 20260625161640.8
010 Индекс ISBN __
a ISBN 978-5-91906-151-9
9 Тираж 7000 экз.
100 Данные общей обработки __
a Данные общей обработки 20260625d2011 ma y0rusy028902 ca
101 Язык документа 1_
a Язык текста rus
c Язык оригинала eng
102 Страна публикации __
a Страна публикации RU
105 Кодированные данные (монография) __
a Кодированные данные (монография) a z 001yy
181 Поле кодированных данных: вид содержания _0
a Код вида содержания (ISBD) i
181 Поле кодированных данных: вид содержания _0
a Код вида содержания (ISBD) b
182 Поле кодированных данных: тип средства _0
a Код типа средства (ISBD) n
200 Заглавие и сведения об ответственности 1_
a Заглавие Рисуем манга
e Сведения, относящиеся к заглавию [пошаговые иллюстрации, лучшие проекты, секреты мастеров]
f Первые сведения об ответственности перевод с английского К. И. Молькова
203 Вид содержания и тип средства __
a Вид содержания Текст
a Вид содержания Изображение
c Тип средства непосредственные
b Характеристика содержания двухмерное
b Характеристика содержания неподвижное
210 Выходные данные 1_
a Место издания Москва
c Издательство Контэнт
d Дата издания 2011
215 Физическое описание __
a Объем 96 с.
c Иллюстрации/тип воспроизводства ил.
d Формат 26 см
320 Библиография __
a Библиография Указатель: с. 96
330 Аннотация __
a Аннотация Научитесь рисовать в стиле манга с помощью этого подробного пособия! Благодаря этой книге вы освоите основные принципы рисунка, необходимые для создания персонажей манга. Пройдете цикл уроков, который охватывает все детали рисунка, включая глаза, волосы, одежду, аксессуары, освещение и цвет. Изучите пошаговые демонстрации, которые научат вас, как создавать персонажей любого возраста: детей, подростков и взрослых. Книга написана и иллюстрирована группой художников, которые занимаются исключительно созданием оригинальных комиксов и иллюстраций в стиле манга.
454 Оригинал _0
1 2001
a Draw manga
606 Тематические рубрики __
2 Код системы nlr_sh
a Основная рубрика Изобразительное искусство и архитектура
606 Тематические рубрики __
2 Код системы nlr_sh
a Основная рубрика Виды и жанры графики
610 Ключевые слова 0_
a Ключевые слова рисование
610 Ключевые слова 0_
a Ключевые слова рисование фигуры человека
610 Ключевые слова 0_
a Ключевые слова рисование портретов
610 Ключевые слова 0_
a Ключевые слова рисование манги
610 Ключевые слова 0_
a Ключевые слова рисование комиксов
610 Ключевые слова 0_
a Ключевые слова техника рисования
610 Ключевые слова 0_
a Ключевые слова рисование пространства
610 Ключевые слова 0_
a Ключевые слова рисование людей
610 Ключевые слова 0_
a Ключевые слова рисование персонажей
610 Ключевые слова 0_
a Ключевые слова художественная анатомия
610 Ключевые слова 0_
a Ключевые слова пластическая анатомия
610 Ключевые слова 0_
a Ключевые слова рисование головы
610 Ключевые слова 0_
a Ключевые слова рисование лица
610 Ключевые слова 0_
a Ключевые слова пропорции лица
610 Ключевые слова 0_
a Ключевые слова пропорции тела
610 Ключевые слова 0_
a Ключевые слова пропорции в рисовании
610 Ключевые слова 0_
a Ключевые слова манга
686 Индексы других классификаций __
2 Код системы rubbks
a Классификационный индекс 85.156.7я78; ст85.15я78
702 Вторичная интеллектуальная ответственность _1
a Фамилия Мольков
b Имя К. И.
4 Код отношения 730
f Даты 1947-
g Полное личное имя Константин Иванович
801 Источник записи _0
a Страна RU
b Организация Муниципальное бюджетное учреждение культуры "Централизованная библиотечная система" г. Сургут (Центральная городская библиотека им. А. С. Пушкина)
g Правила каталогизации PSBO
c Дата составления 20260625
801 Источник записи _1
a Страна RU
b Организация Муниципальное бюджетное учреждение культуры "Централизованная библиотечная система" г. Сургут (Центральная городская библиотека им. А. С. Пушкина)
g Правила каталогизации PSBO
c Дата составления 20260625
852 Данные о местонахождении __
i Авторский знак Р 54
j Шифр хранения 85.156.7я78
901 Тип документа __
t Тип документа m
a Ответственный КиК/Обаева
901 Тип документа __
a Ответственный без партии
903 Характеристики (МАРС) __
c Наименование библиотеки (МАРС) Муниципальное бюджетное учреждение культуры "Централизованная библиотечная система" г. Сургут (Центральная городская библиотека им. А. С. Пушкина)
a Дата передачи 20260625
969 Тип издания __
a Тип издания самоучитель